Euro 2024 - Tous les Hommes du Match - Statistiques

Statistiques générales
  • Ce quiz a été pris 500 fois
    239 depuis la dernière actualisation
  • Le résultat moyen est 16 sur 53
Statistiques - réponses
Équipe Adversaire Homme du Match % Correct
Espagne France Lamine Yamal
90%
Meilleur Jeune Espagne Lamine Yamal
90%
Allemagne Écosse Jamal Musiala
73%
Espagne Géorgie Rodri
66%
Meilleur Joueur Espagne Rodri
66%
Angleterre Serbie Jude Bellingham
65%
Angleterre Slovaquie Jude Bellingham
65%
Espagne Italie Nico Williams
62%
Espagne Angleterre Nico Williams
62%
France Autriche N'Golo Kanté
57%
France Pays-Bas N'Golo Kanté
57%
Croatie Italie Luka Modric
56%
Turquie Géorgie Arda Güler
48%
Belgique Roumanie Kevin De Bruyne
47%
Belgique Ukraine Kevin De Bruyne
47%
Espagne Allemagne Dani Olmo
43%
Espagne Croatie Fabian Ruiz
41%
France Belgique Jules Koundé
41%
France Portugal Ousmane Dembélé
39%
Pays-Bas Pologne Cody Gakpo
37%
Pays-Bas Roumanie Cody Gakpo
37%
Suisse Hongrie Granit Xhaka
36%
Suisse Allemagne Granit Xhaka
36%
Angleterre Suisse Bukayo Saka
33%
Portugal Turquie Bernardo Silva
31%
Danemark Slovénie Christian Eriksen
29%
Danemark Serbie Christian Eriksen
29%
Portugal Slovénie Diogo Costa
24%
Italie Albanie Federico Chiesa
22%
Allemagne Hongrie Ilkay Gündogan
17%
Angleterre Pays-Bas Ollie Watkins
17%
Allemagne Danemark Antonio Rüdiger
15%
Géorgie Portugal Khvicha Kvaratskhelia
15%
Géorgie Tchéquie Giorgi Mamardashvili
14%
Suisse Italie Ruben Vargas
14%
Portugal Tchéquie Vitinha
14%
Espagne Albanie Ferran Torres
13%
Roumanie Ukraine Nicolae Stanciu
12%
Suisse Écosse Manuel Akanji
11%
Autriche Pays-Bas Marcel Sabitzer
11%
Turquie Autriche Merih Demiral
11%
Pays-Bas Turquie Stefan De Vrij
8%
Croatie Albanie Andrej Kramaric
7%
Slovaquie Belgique Stanislav Lobotka
7%
Slovaquie Roumanie Stanislav Lobotka
7%
Pologne France Lukasz Skorupski
6%
Turquie Tchéquie Baris Alper Yilmaz
5%
Autriche Pologne Christoph Baumgartner
5%
Danemark Angleterre Pierre-Emile Hojbjerg
3%
Hongrie Écosse Roland Sallai
3%
Slovénie Angleterre Adam Gnezda Cerin
2%
Ukraine Slovaquie Mykola Shaparenko
2%
Slovénie Serbie Zan Karnicnik
1%
Aucun quiz correspondant
Distribution des résultats
% des personnes avec chaque résultat
Percentile par nombre de réponses
Votre historique - résultats
Vous n’avez pas pris ce quiz depuis la dernière actualisation